| 000 | 00462nam a2200157Ia 4500 | ||
|---|---|---|---|
| 008 | 210210b1987 xxu||||| |||| 00| 0 eng d | ||
| 020 | _a81 85095 64 7 | ||
| 082 | _a530.092 FEYS | ||
| 100 | _aFEYNMAN (Richard P). | ||
| 245 | _aSurely you're joking, Mr. Feynman! adventures of a curious character. | ||
| 260 |
_aBangalore _bAffiliated East-West Prees Pvt. Ltd. _c1987 |
||
| 300 | _a350 | ||
| 650 | _aPhysicist Feynman | ||
| 690 | _aBiography | ||
| 906 | _a040666 | ||
| 999 |
_c90532 _d90532 |
||